| 000 | 00607nam a2200205Ia 4500 | ||
|---|---|---|---|
| 003 | GCL | ||
| 008 | 140319s9999 xx 000 0 ara d | ||
| 040 |
_aGCL / _cGCL |
||
| 082 | 0 | 4 |
_a921.7 _bت ت |
| 100 | 1 | _aعلى جواد الطاهر | |
| 245 | 1 | 0 |
_aتشيخوف / _cعلى جواد الطاهر |
| 700 | 1 | _aخليل الخورى | |
| 700 | 1 | _aترويا، هنرى | |
| 260 |
_a[S.N] : _bدار الشئون الثقافية ، _c1987 |
||
| 300 | _a457 ص | ||
| 490 |
_aسلسلة المائة كتاب _v0 |
||
| 650 | 0 | 4 | _aالتراجم |
| 650 | 0 | 4 | _aانطون تشيخوف |
| 942 |
_2ddc _cBK |
||
| 999 |
_c40068 _d40068 |
||